000 00635nam a2200229Ia 4500
005 20230424140909.0
008 131103s9999 xx 000 0 und d
020 _aSBN 710062257 (P)
040 _aLoreto College
041 _aEnglish
082 _a823.7
_bSCO-MAY
100 _aMayhead,Robin
245 _aWalter Scott
_cRobin Mayhead
260 _aLondon
_bRoutledge
_c1968
300 _aviii,116 p.
440 _aThe Profiles In Literature Series
504 _aIncludes appendix and bibliographical references
650 _aScott,Walter-Criticism
700 _aSoutham,B.C.,series ed.
850 _aLCLIB
942 _cBK
999 _c5575
_d56054